Southville International School and Colleges
Your cart is empty.
  • Cart
  • Lists
    Public lists list_1 View all
    Your lists Log in to create your own lists
  • Log in to your account
  • Your cookies
  • Search history
Southville International School and Colleges
  • Advanced search
  • Recent comments
  • Most popular
  • Libraries

Log in to your account

Log in with GOOGLE


If you do not have an external account, but do have a local account, you can still log in:

  1. Home
  2. MARC view: Princess Ben :
Normal view MARC view ISBD view

Princess Ben : (Record no. 343972)

[ view plain ]
MARC details
000 -LEADER
fixed length control field 00591nam a2200193Ia 4500
008 - FIXED-LENGTH DATA ELEMENTS--GENERAL INFORMATION
fixed length control field 170918s9999 xx 000 0 und d
020 ## - INTERNATIONAL STANDARD BOOK NUMBER
International Standard Book Number 9780547223254
050 ## - LIBRARY OF CONGRESS CALL NUMBER
Item number M974pr 2008
100 ## - MAIN ENTRY--PERSONAL NAME
Personal name Murdock, Catherine Gilbert
245 ## - TITLE STATEMENT
Title Princess Ben :
245 ## - TITLE STATEMENT
Remainder of title being a wholly truthful account of her various discoveries and misadventures, recounted to the best of her recollection, in four parts /
245 ## - TITLE STATEMENT
Statement of responsibility, etc by Catherine Gilbert Murdock.
260 ## - PUBLICATION, DISTRIBUTION, ETC. (IMPRINT)
Place of publication, distribution, etc USA :
260 ## - PUBLICATION, DISTRIBUTION, ETC. (IMPRINT)
Name of publisher, distributor, etc Graphia,
260 ## - PUBLICATION, DISTRIBUTION, ETC. (IMPRINT)
Date of publication, distribution, etc 2008
300 ## - PHYSICAL DESCRIPTION
Extent 344 pages :
300 ## - PHYSICAL DESCRIPTION
Other physical details illustrations ;
300 ## - PHYSICAL DESCRIPTION
Dimensions 20cm.
Holdings
Withdrawn status Lost status Damaged status Home library Current library Date acquired Total Checkouts Full call number Barcode Date last seen Price effective from Koha item type
      Stonyhurst Southville International School (Malarayat) Stonyhurst Southville International School (Malarayat) 09/18/2017   FIC M974pr 2008 SSISM3044 09/18/2017 09/18/2017 Books

Princess Ben :

APA

Murdock C. G., .Princess Ben. USA: .

Chicago

Murdock Catherine Gilbert, .Princess Ben. USA: .

Harvard

Murdock C. G., .Princess Ben. USA: .

MLA

Murdock Catherine Gilbert, .USA: . .

  • Place hold
  • Print
  • Cite
  • Add to your cart (remove)
  • Save record
    BIBTEX Dublin Core MARCXML MARC (non-Unicode/MARC-8) MARC (Unicode/UTF-8) MARC (Unicode/UTF-8, Standard) MODS (XML) RIS
  • More searches
    Search for this title in:
    Other Libraries (WorldCat) Other Databases (Google Scholar) Online Stores (Bookfinder.com) Open Library (openlibrary.org)

Exporting to Dublin Core...

SOUTHVILLE LIBRARY

Southville International School and Colleges Library

1281 Tropical Ave. Cor. Luxembourg St., BF Homes International, Las Pinas City

Tel. No. 8256374 / 252358 Loc. 117/146

Powered by Koha